Performance measurement in Spanish local governments. A cross-case comparison study (Record no. 94193)

000 -LEADER
fixed length control field 01679pab a2200205 454500
008 - FIXED-LENGTH DATA ELEMENTS--GENERAL INFORMATION
fixed length control field 180718b2011 xxu||||| |||| 00| 0 eng d
100 ## - MAIN ENTRY--PERSONAL NAME
Personal name Torres, Lourdes
245 ## - TITLE STATEMENT
Title Performance measurement in Spanish local governments. A cross-case comparison study
260 ## - PUBLICATION, DISTRIBUTION, ETC.
Date of publication, distribution, etc. 2011
300 ## - PHYSICAL DESCRIPTION
Extent p.1081-1109.
520 ## - SUMMARY, ETC.
Summary, etc. This paper explores local government in Spain: the nature of and extent to which performance measures are delvoped and how they are used in sonme of the biggest Spanish local gvernments. The features of perfornmance measurement in Spain raise the question of why non-mandatory performance indicators are introduced and why specific initiatives are undertaken. A cross-theory strategy allows us to build a wider explanation of the cases studied. This study shows that performance measurment systems are not neutral but conditioned by the environmental context of each local government to fit int its organizational sturcture. Spanish local governments are experimenting with different approaches - centralized / decentralized, top-down / bottom-up, internal / external usen - to implement performance measures. A relationship between external use and the top-down approach, and internal use and the bottom-up approach can be found. Our results also show that the institutional image value of taking decisions under rational decision-making models is the primary driver of implementation processes. - Reproduced.
650 ## - SUBJECT ADDED ENTRY--TOPICAL TERM
Topical term or geographic name entry element Performance appraisal - Spain
650 ## - SUBJECT ADDED ENTRY--TOPICAL TERM
Topical term or geographic name entry element Local government - Spain
650 ## - SUBJECT ADDED ENTRY--TOPICAL TERM
Topical term or geographic name entry element Local government
700 ## - ADDED ENTRY--PERSONAL NAME
Personal name Yetano, Ana
700 ## - ADDED ENTRY--PERSONAL NAME
Personal name Pina, Vicente
773 ## - HOST ITEM ENTRY
Main entry heading Public Administration
908 ## - PUT COMMAND PARAMETER (RLIN)
Put command parameter N
909 ## -
-- 94193
Holdings
Withdrawn status Lost status Damaged status Not for loan Permanent Location Current Location Date acquired Serial Enumeration / chronology Barcode Date last seen Price effective from Koha item type
        Indian Institute of Public Administration Indian Institute of Public Administration 2018-07-19 Volume no: 89, Issue no: 3 AR94653 2018-07-19 2018-07-19 Articles

Powered by Koha